PRINCIPLES OF MICROECONOMICS (Record no. 44444)
[ view plain ]
| 000 -LEADER | |
|---|---|
| fixed length control field | 00341nam a2200145Ia 4500 |
| 008 - FIXED-LENGTH DATA ELEMENTS--GENERAL INFORMATION | |
| fixed length control field | 240410s9999 xx 000 0 und d |
| 020 ## - INTERNATIONAL STANDARD BOOK NUMBER | |
| International Standard Book Number | 9.7893528373e+12 |
| 082 ## - DEWEY DECIMAL CLASSIFICATION NUMBER | |
| Item number | AHU - P |
| 100 ## - MAIN ENTRY--PERSONAL NAME | |
| Personal name | AHUJA HL |
| 245 #0 - TITLE STATEMENT | |
| Title | PRINCIPLES OF MICROECONOMICS |
| 250 ## - EDITION STATEMENT | |
| Edition statement | 1 |
| 260 ## - PUBLICATION, DISTRIBUTION, ETC. | |
| Place of publication, distribution, etc. | DELHI |
| Name of publisher, distributor, etc. | S CHAND PUBLICATION |
| Date of publication, distribution, etc. | 2022 |
| 300 ## - PHYSICAL DESCRIPTION | |
| Extent | 850 |
| 942 ## - ADDED ENTRY ELEMENTS (KOHA) | |
| Koha item type | Book |
| Withdrawn status | Lost status | Damaged status | Not for loan | Collection code | Permanent Location | Current Location | Shelving location | Date acquired | Cost, normal purchase price | Total Checkouts | Full call number | Barcode | Date last seen | Date last checked out | Price effective from | Koha item type |
|---|---|---|---|---|---|---|---|---|---|---|---|---|---|---|---|---|
| School of Management | Maharishi School of Business & Management (Lucknow) | Maharishi School of Business & Management (Lucknow) | R13S4 | 2024-04-10 | 595.00 | 1 | 338 | SOM8857 | 2024-09-17 | 2024-09-03 | 2024-04-10 | Book | ||||
| School of Management | Maharishi School of Business & Management (Lucknow) | Maharishi School of Business & Management (Lucknow) | R13S4 | 2024-04-10 | 595.00 | 338 | SOM8858 | 2024-04-10 | 2024-04-10 | Book | ||||||
| School of Management | Maharishi School of Business & Management (Lucknow) | Maharishi School of Business & Management (Lucknow) | R13S4 | 2024-04-10 | 595.00 | 338 | SOM8859 | 2024-04-10 | 2024-04-10 | Book |